agypten : gotter, graber und die kunst: 4000 jahre jenseitsglaube /

محفوظ في:

المؤلف الرئيسي: seipel, wilfried

التنسيق: كتاب

اللغة: Undetermined

منشور في: linz : oo. Landesmuseums, 1989.

سلاسل: kataloge des oo. Landesmuseums; n.f., nr. 22

الموضوعات:

الوسوم: إضافة وسم

لا توجد وسوم, كن أول من يضع وسما على هذه التسجيلة!

رقم الطلب: N5350 .S43 v.1-2

LEADER 00932nam a2200205Ia 4500
008 220401s9999||||xx |||||||||||||| ||und||
020 |a 3900746141 
050 4 |a N5350 .S43 v.1-2 
100 1 |a seipel, wilfried 
245 1 0 |a agypten :  |b gotter, graber und die kunst: 4000 jahre jenseitsglaube /  |c wilfried seipel. 
264 1 |a linz :  |b oo. Landesmuseums,  |c 1989. 
300 |a 2v. :  |b ill. (some col.) ;  |c 23cm. 
490 0 |a kataloge des oo. Landesmuseums; n.f., nr. 22 
500 |a includes biBLiographical references. 
650 1 4 |a art, egyptian exhibitions. 
650 1 4 |a sennefer. 
942 |2 lcc  |c BK 
952 |0 0  |1 0  |2 lcc  |3 V.2  |4 0  |6 N5350 S43 V.00001-00002  |7 1  |9 39462  |a ARCE  |b ARCE  |d 2022-04-01  |l 0  |o N5350 .S43 v.1-2  |p 1008135  |r 2022-04-01 00:00:00  |w 2022-04-01  |y BK 
952 |0 0  |1 0  |2 lcc  |3 V.1  |4 0  |6 N5350 S43 V.00001-00002  |7 1  |9 59904  |a ARCE  |b ARCE  |d 2024-01-24  |l 0  |o N5350 .S43 v.1-2  |p 1008136  |r 2024-01-24 00:00:00  |w 2024-01-24  |y BK 
999 |c 47043  |d 47043